000 00399nam a2200145Ia 4500
008 230917s9999||||xx |||||||||||||| ||und||
040 _e252410
_aMAIN
041 _aEnglish
082 _a891.2109 T738L:A
100 _aLeelawati
245 0 _aAacharya Radhavallabh Tripathi krit abhinavkavyalankar sutra mein partipadit alankar: Ek adhyayan
260 _c2015
300 _a102 p.
942 _cTH
999 _c128210
_d128210